000 00666nam a22002417a 4500
003 UA-OsUOA
001 65586
007 ta
008 20091201b un ||||| |||| 00| 0 ukr d
100 _aКовальчук М.
090 _a94(477).06
_bК56
942 _cBK
040 _aUA-OsUOA
_bukr
_cUA-OsUOA
_dUA-OsUOA
245 _aВійна з більшовицькою Росією за незалежність 1917 - 1920
300 _a72 с.
955 _a2
041 _aukr
080 _a94(477).06
020 _a978-966-02-4433-7
260 _aК.
_c2007
650 7 _a9 Географія. Біографії. Історія
_2UDC
999 _c351613
_d351613